Искусство презентаций и ведения переговоров: учебное пособие

Dades bibliogràfiques
Autor principal: Асмолова М. Л. Марина Львовна
Autor corporatiu: Академия народного хозяйства при Правительстве Российской Федерации (АНХ) Факультет инновационно-технологического бизнеса
Sumari:Инновации дают важнейшие преимущества в бизнесе, но путь их тернист, и они часто встречают сопротивление в силу своей социальной революционности и необходимости рисковых инвестиций. Каким образом авторам инновации завоевывать сторонников? Как добиться, чтобы продвижение инноваций стало одним из главных пунктов стратегических планов компаний? Как заработать на продвижении идей? Какие презентационные навыки и переговорные приемы использовать для демонстрации выгоды от внедрения инновации? Об этом расскажет эта книга и станет практическим руководством на пути к получению высших руководящих должностей.
Idioma:rus
Publicat: Москва, РИОР, 2010
Col·lecció:Президентская программа подготовки управленческих кадров
Matèries:
Format: MixedMaterials Llibre
KOHA link:https://koha.lib.tpu.ru/cgi-bin/koha/opac-detail.pl?biblionumber=180788

MARC

LEADER 00000nam0a2200000 4500
001 180788
005 20231101223556.0
010 |a 9785369005620 
010 |a 978-5-16-003945-9 
035 |a (RuTPU)RU\TPU\book\195990 
090 |a 180788 
100 |a 20100526d2010 m y0rusy50 ca 
101 0 |a rus 
102 |a RU 
105 |a a j 001zy 
200 1 |a Искусство презентаций и ведения переговоров  |e учебное пособие  |f М. Л. Асмолова  |g Академия народного хозяйства при Правительстве Российской Федерации (АНХ), Факультет инновационно-технологического бизнеса 
210 |a Москва  |c РИОР  |c Инфра-М  |d 2010 
215 |a 247 с.  |c ил. 
225 1 |a Президентская программа подготовки управленческих кадров 
320 |a Библиогр.: с. 241-242. 
330 |a Инновации дают важнейшие преимущества в бизнесе, но путь их тернист, и они часто встречают сопротивление в силу своей социальной революционности и необходимости рисковых инвестиций. Каким образом авторам инновации завоевывать сторонников? Как добиться, чтобы продвижение инноваций стало одним из главных пунктов стратегических планов компаний? Как заработать на продвижении идей? Какие презентационные навыки и переговорные приемы использовать для демонстрации выгоды от внедрения инновации? Об этом расскажет эта книга и станет практическим руководством на пути к получению высших руководящих должностей. 
606 1 |a Деловое общение  |x Психология  |2 stltpush  |3 (RuTPU)RU\TPU\subj\38805  |9 59088 
606 1 |a Деловое общение  |x Менеджмент  |2 stltpush  |3 (RuTPU)RU\TPU\subj\67730  |9 83422 
610 1 |a психология 
610 1 |a менеджмент 
610 1 |a управленческая деятельность 
610 1 |a управленческие технологии 
610 1 |a переговорный процесс 
610 1 |a переговоры 
610 1 |a презентации 
610 1 |a подготовка 
610 1 |a проведение 
610 1 |a инновационные проекты 
610 1 |a продвижение 
610 1 |a интеллект-карты 
610 1 |a заявки 
610 1 |a гранты 
610 1 |a визуальные средства 
610 1 |a коммуникативные навыки 
610 1 |a влияние 
610 1 |a инвесторы 
610 1 |a психологическая подготовка 
610 1 |a учебные пособия 
686 |a Ю953я73  |v LBC/SL-A  |2 rubbk 
700 1 |a Асмолова  |b М. Л.  |g Марина Львовна 
712 0 2 |a Академия народного хозяйства при Правительстве Российской Федерации (АНХ)  |b Факультет инновационно-технологического бизнеса  |c (Москва)  |2 stltpush  |3 (RuTPU)RU\TPU\col\415 
801 1 |a RU  |b 63413507  |c 20100526 
801 2 |a RU  |b 63413507  |c 20150618  |g RCR 
900 |a Язык ведения переговоров 
900 |a Выставочная работа 
942 |c BK 
959 |a 33/20100524  |d 2  |e 199,90  |f АНЛ:1  |f ЧЗГЛ:1